Los intelectuales españoles y el naufragio del liberalismo (Record no. 14681)

MARC details
000 -LEADER
campo de control de longitud fija 00908nam a2200265 i 4500
001 - NÚMERO DE CONTROL
campo de control 14681
003 - IDENTIFICADOR DE NÚMERO DE CONTROL
campo de control ES-MaACL
005 - FECHA Y HORA DE LA ÚLTIMA TRANSACCIÓN
campo de control 20231219062530.0
007 - CAMPO FIJO DE DESCRIPCIÓN FÍSICA--INFORMACIÓN GENERAL
campo de control de longitud fija t|
008 - DATOS DE LONGITUD FIJA--INFORMACIÓN GENERAL
campo de control de longitud fija 980709s1998 sp ||||0| spa
020 ## - NÚMERO INTERNACIONAL ESTÁNDAR DEL LIBRO
Número Internacional Estándar del Libro 84-8191-176-3
080 ## - NÚMERO DE LA CLASIFICACIÓN DECIMAL UNIVERSAL
Número de la Clasificación Decimal Universal 316.343.652(460)"19":32
080 ## - NÚMERO DE LA CLASIFICACIÓN DECIMAL UNIVERSAL
Número de la Clasificación Decimal Universal 329.12(460)"19"
100 1# - ENTRADA PRINCIPAL--NOMBRE DE PERSONA
Nombre de persona Ouimette, Víctor.
9 (RLIN) 87973
245 14 - MENCIÓN DEL TÍTULO
Título Los intelectuales españoles y el naufragio del liberalismo
Resto del título : (1923-1936) /
Mención de responsabilidad, etc. Víctor Ouimette ; introducción de José Luis Abellán.
260 ## - PUBLICACIÓN, DISTRIBUCIÓN, ETC.
Lugar de publicación, distribución, etc. Valencia :
Nombre del editor, distribuidor, etc. Pre-Textos,
Fecha de publicación, distribución, etc. [1998]
300 ## - DESCRIPCIÓN FÍSICA
Extensión 2 v. ;
Dimensiones 24 cm.
490 1# - MENCIÓN DE SERIE
Mención de serie Pre-textos ;
Designación de volumen o secuencia 333-334
650 #4 - PUNTO DE ACCESO ADICIONAL DE MATERIA--TÉRMINO DE MATERIA
Término de materia o nombre geográfico como elemento de entrada Intelectuales-
Subdivisión geográfica España-
Subdivisión cronológica S.XX-
Subdivisión general Pensamiento político.
9 (RLIN) 13854
650 14 - PUNTO DE ACCESO ADICIONAL DE MATERIA--TÉRMINO DE MATERIA
Término de materia o nombre geográfico como elemento de entrada Liberalismo-
Subdivisión geográfica España-
Subdivisión cronológica S.XX.
9 (RLIN) 14391
700 1# - ENTRADA AGREGADA--NOMBRE PERSONAL
Nombre de persona Abellán, José Luis,
Fechas asociadas al nombre 1933-2023
9 (RLIN) 176509
830 1# - PUNTO DE ACCESO ADICIONAL DE SERIE-TÍTULO UNIFORME
Título uniforme Pre-textos ;
Designación de volumen o secuencia 333-334
9 (RLIN) 178641
852 ## - LOCALIZACIÓN
Ubicación ES-MaACL
Número de control de estantería L-21909-10
Holdings
Estatus retirado Estado de pérdida Estado de daño No para préstamo Biblioteca de origen Biblioteca actual Ubicación en estantería Fecha de adquisición Fuente de adquisición Total de préstamos Signatura topográfica completa Código de barras Visto por última vez Precio de reemplazo Tipo de ítem Koha
        Biblioteca del Ateneo de Madrid Biblioteca del Ateneo de Madrid Depósito 2 17/01/2008     L-21909-10 1014929 23/02/2023 23/02/2023 Libro impreso